<?xml version="1.0" encoding="UTF-8"?>
<record
    xmlns:xsi="http://www.w3.org/2001/XMLSchema-instance"
    xsi:schemaLocation="http://www.loc.gov/MARC21/slim http://www.loc.gov/standards/marcxml/schema/MARC21slim.xsd"
    xmlns="http://www.loc.gov/MARC21/slim">

  <leader>05722nam a2200445 a 4500</leader>
  <controlfield tag="003">CHAP</controlfield>
  <controlfield tag="005">20241108092605.0</controlfield>
  <controlfield tag="007">cr ||||||a|c|a</controlfield>
  <controlfield tag="008">110103s2010    mx      r     00010 spa d</controlfield>
  <datafield tag="035" ind1=" " ind2=" ">
    <subfield code="a">111851</subfield>
  </datafield>
  <datafield tag="040" ind1=" " ind2=" ">
    <subfield code="c">CHAP</subfield>
  </datafield>
  <datafield tag="090" ind1=" " ind2=" ">
    <subfield code="a">Tesis</subfield>
  </datafield>
  <datafield tag="100" ind1="0" ind2="0">
    <subfield code="a">Tinoco Rueda, J&#xFA;an &#xC1;ngel.</subfield>
    <subfield code="9">113376</subfield>
  </datafield>
  <datafield tag="245" ind1="1" ind2="0">
    <subfield code="a">Ordenamiento agroforestal y evaluaci&#xF3;n de servicios ambientales</subfield>
    <subfield code="b">estrategias para la mitigaci&#xF3;n y adaptaci&#xF3;n al cambio clim&#xE1;tico en el sureste mexicano</subfield>
    <subfield code="c">/por J&#xFA;an &#xC1;ngel Tinoco Rueda; director de tesis Jes&#xFA;s David G&#xF3;mez D&#xED;az.</subfield>
  </datafield>
  <datafield tag="260" ind1=" " ind2=" ">
    <subfield code="a">Chapingo, M&#xE9;x. :</subfield>
    <subfield code="b">El autor,</subfield>
    <subfield code="c">2010.</subfield>
  </datafield>
  <datafield tag="300" ind1=" " ind2=" ">
    <subfield code="a">1 recurso en l&#xED;nea (154 p&#xE1;ginas):</subfield>
    <subfield code="b">cuadros, figuras.</subfield>
  </datafield>
  <datafield tag="336" ind1=" " ind2=" ">
    <subfield code="2">rdacontent</subfield>
    <subfield code="a">texto</subfield>
    <subfield code="b">txt</subfield>
  </datafield>
  <datafield tag="337" ind1=" " ind2=" ">
    <subfield code="2">rdamedia</subfield>
    <subfield code="a">computadora</subfield>
    <subfield code="b">c</subfield>
  </datafield>
  <datafield tag="338" ind1=" " ind2=" ">
    <subfield code="2">rdacarrier</subfield>
    <subfield code="a">recurso en l&#xED;nea</subfield>
    <subfield code="b">cr</subfield>
  </datafield>
  <datafield tag="502" ind1=" " ind2=" ">
    <subfield code="b">MCADS</subfield>
    <subfield code="c">Suelos</subfield>
    <subfield code="d">2010.</subfield>
    <subfield code="g">MAE</subfield>
  </datafield>
  <datafield tag="520" ind1=" " ind2=" ">
    <subfield code="a">En la presente investigaci&#xF3;n se evaluaron los servicios ambientales de captura de carbono en la parte a&#xE9;rea y subterr&#xE1;nea y la recarga de agua hacia el subsuelo en la cuenca del R&#xED;o Platanar, estado de Chiapas. Adem&#xE1;s, se desarroll&#xF3; una metodolog&#xED;a denominada ordenamiento agroforestal en donde se proponen sistemas agroforestales con base en las caracter&#xED;sticas e indicadores de diagn&#xF3;stico del paisaje. Para la estimaci&#xF3;n del contenido de carbono en la parte a&#xE9;rea se delimitaron unidades de integraci&#xF3;n territorial (UIT) en las cuales se establecieron parcelas de muestreo de 400 m2 en donde se realiz&#xF3; un inventario flor&#xED;stico y se calcul&#xF3; el &#xED;ndice de valor de importancia a cada especie encontrada. Para las especies m&#xE1;s representativas de cada comunidad vegetal se buscaron ecuaciones alom&#xE9;tricas para estimar su contenido de materia seca y posteriormente su contenido de carbono al aplicar el factor de 0.5. Para estimar el contenido de carbono org&#xE1;nico en el suelo se obtuvieron muestras simples de suelo en cada UIT a una profundidad de 30 cm, adem&#xE1;s, se abrieron cinco perfiles de suelo para poder clasificar el suelo en los cuales se tomaron muestras, el suelo colectado se llev&#xF3; a laboratorio para su an&#xE1;lisis. Dentro de las determinaciones realizadas a las muestras se encuentran el valor de densidad aparente y porcentaje de materia org&#xE1;nica, los cuales se utilizaron para estimar el contenido de carbono org&#xE1;nico en el suelo (COS) en cada UIT. La estimaci&#xF3;n de la recarga de agua se delimit&#xF3; a escala regional las isotermas e isoyetas en la cuenca, posteriormente se realiz&#xF3; un balance de humedad en el suelo con el cual se obtuvieron variables hidrol&#xF3;gicas como la evapotranspiraci&#xF3;n potencial y actual, el escurrimiento, el d&#xE9;ficit de humedad, entre otras. Con estas variables se cuantific&#xF3; la recarga de agua hacia el subsuelo. Por su parte para la propuesta ordenamiento agroforestal se elabor&#xF3; la cartograf&#xED;a detallada de los atributos pendiente, cobertura vegetal, temperatura, precipitaci&#xF3;n y caracter&#xED;sticas del suelo. De forma similar se evaluaron los indicadores de diagn&#xF3;stico erosi&#xF3;n h&#xED;drica, calidad ecol&#xF3;gica, fragilidad natural, zonas riparias y condici&#xF3;n actual de la vegetaci&#xF3;n. Con la cartograf&#xED;a obtenida se desarroll&#xF3; un sistema de informaci&#xF3;n geogr&#xE1;fica para posteriormente aplicar una evaluaci&#xF3;n multicriterio y proponer tecnolog&#xED;as agroforestales en cada una de las unidades geogr&#xE1;ficas resultantes. Como resultados principales se encontr&#xF3; que a comunidad selva alta perennifolia con vegetaci&#xF3;n secundaria fue en donde se encontr&#xF3; la mayor cantidad de carbono en la parte a&#xE9;rea con 99.7 MgC ha-1. La comunidad pastizal cultivado, que registra la mayor superficie en la cuenca con 31,153.8 hect&#xE1;reas, reporta un contenido de carbono de 10 MgC ha-1. En la estimaci&#xF3;n del COS, las UIT ubicadas en los sistemas terrestres Lomer&#xED;os y Planicie Aluvial se registra la mayor cantidad de COS a 30 cm de profundidad (&gt; 96.6 MgC ha-1). En el sistema terrestre Ca&#xF1;adas se identificaron zonas degradadas en las que el contenido de COS es el m&#xE1;s bajo en toda la cuenca (&lt; 7.2 MgC ha-1). La recarga de agua fue mayor en la zona Noroeste de la cuenca es en donde se registra la mayor l&#xE1;mina de agua infiltrada con un intervalo de 500 a 550 mm anuales, por el contrario, las zonas con menor l&#xE1;mina infiltrada se ubican en el Sureste y presentan valores de 300 a 350 mm anuales. Con la propuesta de ordenamiento agroforestal se obtuvieron nueve sistemas agroforestales, de los cuales el sistema &#xE1;rboles dispersos en potreros es el que abarca la mayor superficie con el 25.5 % de la superficie total de la cuenca. Se considera que las tecnolog&#xED;as agroforestales propuestas son opciones viables para la mitigaci&#xF3;n y adaptaci&#xF3;n al cambio clim&#xE1;tico ya que se incrementar&#xED;a el carbono en la parte a&#xE9;rea y subterr&#xE1;nea, y a su vez se diversificar&#xED;an los productos para autoconsumo o para la venta por parte de los habitantes de la cuenca.</subfield>
  </datafield>
  <datafield tag="590" ind1=" " ind2=" ">
    <subfield code="a">ALEPH</subfield>
    <subfield code="b">10</subfield>
    <subfield code="c">20130110</subfield>
  </datafield>
  <datafield tag="590" ind1=" " ind2=" ">
    <subfield code="a">BATCH-UPD</subfield>
    <subfield code="b">10</subfield>
    <subfield code="c">20130110</subfield>
  </datafield>
  <datafield tag="590" ind1=" " ind2=" ">
    <subfield code="a">BATCH-UPD</subfield>
    <subfield code="b">10</subfield>
    <subfield code="c">20130410</subfield>
  </datafield>
  <datafield tag="590" ind1=" " ind2=" ">
    <subfield code="a">BATCH-UPD</subfield>
    <subfield code="b">10</subfield>
    <subfield code="c">20130914</subfield>
  </datafield>
  <datafield tag="590" ind1=" " ind2=" ">
    <subfield code="a">BATCH-UPD</subfield>
    <subfield code="b">10</subfield>
    <subfield code="c">20140324</subfield>
  </datafield>
  <datafield tag="590" ind1=" " ind2=" ">
    <subfield code="a">BATCH-UPD</subfield>
    <subfield code="b">10</subfield>
    <subfield code="c">20141002</subfield>
  </datafield>
  <datafield tag="590" ind1=" " ind2=" ">
    <subfield code="a">CONVERSION</subfield>
    <subfield code="b">10</subfield>
    <subfield code="c">20130109</subfield>
  </datafield>
  <datafield tag="650" ind1="1" ind2="4">
    <subfield code="a">Cambio clim&#xE1;tico.</subfield>
    <subfield code="9">17781</subfield>
  </datafield>
  <datafield tag="650" ind1="1" ind2="4">
    <subfield code="a">Medio ambiente</subfield>
    <subfield code="x">Servicios de informaci&#xF3;n.</subfield>
    <subfield code="9">74116</subfield>
  </datafield>
  <datafield tag="650" ind1="1" ind2="4">
    <subfield code="a">Ordenamiento Forestal.</subfield>
    <subfield code="9">83424</subfield>
  </datafield>
  <datafield tag="700" ind1="1" ind2=" ">
    <subfield code="a">G&#xF3;mez D&#xED;az, Jes&#xFA;s David</subfield>
    <subfield code="9">49677</subfield>
    <subfield code="e">Director de tesis.</subfield>
  </datafield>
  <datafield tag="856" ind1=" " ind2=" ">
    <subfield code="u">http://10.13.5.2/tesis/111851.pdf</subfield>
    <subfield code="z">DESCARGAR PDF</subfield>
  </datafield>
  <datafield tag="901" ind1=" " ind2=" ">
    <subfield code="a">BK</subfield>
  </datafield>
  <datafield tag="942" ind1=" " ind2=" ">
    <subfield code="c">TD</subfield>
    <subfield code="2">Clasificaci&#xF3;n Universidad Aut&#xF3;noma Chapingo</subfield>
  </datafield>
  <datafield tag="949" ind1=" " ind2=" ">
    <subfield code="b">BC</subfield>
    <subfield code="c">TES</subfield>
    <subfield code="d">33724002227611</subfield>
    <subfield code="e">TS2</subfield>
    <subfield code="f">c.2</subfield>
    <subfield code="h">51696</subfield>
    <subfield code="i">111851</subfield>
    <subfield code="s">b</subfield>
  </datafield>
  <datafield tag="949" ind1=" " ind2=" ">
    <subfield code="b">BC</subfield>
    <subfield code="c">TES</subfield>
    <subfield code="d">33724002227652</subfield>
    <subfield code="e">TS1</subfield>
    <subfield code="g">Donaci&#xD8;n</subfield>
    <subfield code="h">51695</subfield>
    <subfield code="i">111851</subfield>
    <subfield code="s">b</subfield>
  </datafield>
  <datafield tag="999" ind1=" " ind2=" ">
    <subfield code="c">100192</subfield>
    <subfield code="d">100192</subfield>
  </datafield>
  <datafield tag="952" ind1=" " ind2=" ">
    <subfield code="0">0</subfield>
    <subfield code="1">0</subfield>
    <subfield code="2">local</subfield>
    <subfield code="4">0</subfield>
    <subfield code="5">1</subfield>
    <subfield code="7">0</subfield>
    <subfield code="8">TesDigM</subfield>
    <subfield code="a">BD</subfield>
    <subfield code="b">BD</subfield>
    <subfield code="c">E_L</subfield>
    <subfield code="d">2019-12-31</subfield>
    <subfield code="l">0</subfield>
    <subfield code="o">Tesis digital</subfield>
    <subfield code="r">2019-12-31 00:00:00</subfield>
    <subfield code="w">2019-12-31</subfield>
    <subfield code="y">TD</subfield>
  </datafield>
</record>
